[Event "Chigorin Memorial 31st"]
[Site "St Petersburg"]
[Date "2024.10.30"]
[Round "5"]
[White "Drugova, Kira"]
[Black "Bazhenkov, Maxim"]
[Result "0-1"]
[WhiteElo "1566"]
[BlackElo "1777"]
[PlyCount "74"]
[EventDate "2024.10.26"]
[EventType "swiss"]
[EventRounds "9"]
[EventCountry "RUS"]
[SourceTitle "CB45_2024"]
[Source "ChessBase"]
[SourceDate "2024.11.06"]
[SourceVersion "1"]
[SourceVersionDate "2024.11.06"]
[SourceQuality "1"]

1. e4 e6 2. Nf3 d5 3. Nc3 Nf6 4. exd5 exd5 5. d4 Bd6 6. Bd3 0-0 7. h3 Re8+ 8. Ne2 c6 9. 0-0 Qc7 10. Re1 Nbd7 11. b3 b5 12. c4 bxc4 13. bxc4 dxc4 14. Bxc4 Nb6 15. Bb3 Be6 16. Bd2 Ne4 17. Bxe6 Rxe6 18. Ba5 Qe7 19. Nc3 Nd5 20. Nxe4 Rxe4 21. Qc2 Rxe1+ 22. Rxe1 Qd7 23. Ne5 Bxe5 24. Rxe5 h6 25. Re1 Re8 26. Rb1 Nf4 27. Qc4 Ne2+ 28. Kh1 Qf5 29. Qb4 Qxf2 30. Bc7 Nxd4 31. Qb2 Re2 32. Qb8+ Kh7 33. Rg1 Nf3 34. Qb1+ g6 35. Qf1 Qxg1+ 36. Qxg1 Nxg1 37. Kxg1 Rxa2 0-1

[Event "Chigorin Memorial 29th"]
[Site "St Petersburg"]
[Date "2022.10.25"]
[Round "4"]
[White "Sakovich, Luka"]
[Black "Drugova, Kira"]
[Result "1-0"]
[WhiteElo "1685"]
[BlackElo "1177"]
[PlyCount "109"]
[EventDate "2022.10.22"]
[EventType "swiss"]
[EventRounds "9"]
[EventCountry "RUS"]
[SourceTitle "EXT 2024"]
[Source "ChessBase"]
[SourceDate "2023.10.10"]
[SourceVersion "1"]
[SourceVersionDate "2023.10.10"]
[SourceQuality "1"]

1. e4 e6 2. d4 d5 3. Nd2 a6 4. c3 c5 5. exd5 exd5 6. dxc5 Bxc5 7. Nb3 Ba7 8. Bd3 h6 9. Nf3 Nf6 10. Qe2+ Be6 11. Nbd4 Qe7 12. Nxe6 Qxe6 13. Qxe6+ fxe6 14. Bg6+ Ke7 15. 0-0 Nbd7 16. Bf4 Nf8 17. Bc2 g5 18. Bg3 Rg8 19. Rfe1 Bb8 20. Nd4 Bxg3 21. hxg3 Kd6 22. Re2 Re8 23. Rae1 Kd7 24. a4 Rg7 25. a5 Kd6 26. f3 Rc7 27. Re3 Rce7 28. f4 g4 29. Re5 N8d7 30. Bg6 Rg8 31. Rxe6+ Rxe6 32. Rxe6+ Kc7 33. Bf5 h5 34. Kf2 Rh8 35. Re7 Kd8 36. Re1 h4 37. gxh4 Rxh4 38. Kg3 Rh8 39. Ne6+ Kc8 40. Nc5 Kc7 41. Nxd7 Nxd7 42. Re7 Rd8 43. Rxd7+ Rxd7 44. Bxd7 Kxd7 45. Kxg4 Ke6 46. Kg5 Kf7 47. f5 Kg8 48. Kg6 Kf8 49. f6 Kg8 50. g4 Kf8 51. g5 Kg8 52. f7+ Kf8 53. Kf6 d4 54. g6 d3 55. g7# 1-0

[Event "Chigorin Memorial 29th"]
[Site "St Petersburg"]
[Date "2022.10.24"]
[Round "3"]
[White "Drugova, Kira"]
[Black "Nikitinyh, Boris Aleksandrovic"]
[Result "0-1"]
[WhiteElo "1177"]
[BlackElo "1853"]
[PlyCount "58"]
[EventDate "2022.10.22"]
[EventType "swiss"]
[EventRounds "9"]
[EventCountry "RUS"]
[SourceTitle "EXT 2024"]
[Source "ChessBase"]
[SourceDate "2023.10.10"]
[SourceVersion "1"]
[SourceVersionDate "2023.10.10"]
[SourceQuality "1"]

1. e4 e5 2. Nf3 Nc6 3. Bc4 Be7 4. d4 exd4 5. Nxd4 d6 6. Nxc6 bxc6 7. Nc3 Nf6 8. Be2 0-0 9. 0-0 Re8 10. h3 Bf8 11. Bf3 Bd7 12. Bf4 Rb8 13. b3 g6 14. Qd3 Bg7 15. Rad1 Qe7 16. Rfe1 Qf8 17. e5 Bf5 18. Qd2 dxe5 19. Bxe5 Rbd8 20. Qc1 Rxd1 21. Qxd1 Rd8 22. Qc1 Nd5 23. Bxd5 cxd5 24. Bxg7 Qxg7 25. Nxd5 Bd7 26. Nxc7 Bc6 27. Na6 Qc3 28. Qa3 Qxe1+ 29. Kh2 Qxf2 0-1